Statistiques concernant Pays les plus proches du Sénégal - Sprint d'une minute

Cliquez ici pour prendre le quiz!

Statistiques générales

  • Ce quiz a été pris 100 fois
  • Le résultat moyen est 13 sur 20

Statistiques - réponses

kmpays% Correct
0Mauritanie
93%
0Gambie
92%
0Guinée
90%
0Mali
88%
0Guinée-Bissau
83%
1233Maroc
81%
1257Niger
74%
442Côte d'Ivoire
73%
1317Algérie
68%
658Burkina Faso
64%
1231Togo
63%
262Sierra Leone
62%
1340Bénin
61%
938Ghana
58%
1591Nigeria
58%
452Liberia
55%
571Cabo Verde
51%
1231Espagne
17%
479Sahara occidental
14%
1787Portugal
10%

Distribution des résultats

Percentile par nombre de réponses

% des personnes avec chaque résultat

Votre développement - résultats

Vous n’avez pas pris ce quiz